000 00680nam a2200193Ia 4500
008 240729s9999 xx 000 0 und d
022 _a2289-7771
245 0 _aJournal of Applied Science & Process Engineering
260 _aMalaysia
260 _bUNIMAS Publisher
650 _a Electrical engineering. Electronics. Nuclear engineering | Technology
650 _a Engineering (General). Civil engineering (General)
650 _a Mechanical engineering and machinery | Technology
650 _a Mechanics of engineering. Applied mechanics
650 _aTechnology
856 _uhttps://doaj.org/toc/a97da6d567cb4d588b2725cb1784b185
942 _2ddc
942 _cDOAJEJ
999 _c72099
_d72099
945 _a1
_bMadushi Gamage
_c1
_dMadushi Gamage